| 000 | 00700nam a22001577a 4500 | ||
|---|---|---|---|
| 003 | OSt | ||
| 005 | 20151130080151.0 | ||
| 008 | 151130b xxu||||| |||| 00| 0 eng d | ||
| 040 | _cRUA | ||
| 082 | _aFIS PEN 1998 B168 Or.1 | ||
| 100 |
_93978 _aPEN, CHHUNDY. |
||
| 245 | _athe growth of polyculture under pond condition, there are ricestraw, tree branches and normal pond (ប្រៀបធៀបការលូតលាស់ត្រីចិញ្ចឹមចំរុះរវាងស្រះដាក់ចំបើងុំស្រះដាក់សំរះ និង ស្រះធម្មតា) | ||
| 260 |
_aPhnom Penh _bRUA _c1998 |
||
| 300 |
_a70p. _bill. _c29cm. |
||
| 942 |
_2ddc _cFIS |
||
| 999 |
_c3699 _d3699 |
||